000 00417nam a2200133 i 4500
001 bg
245 0 _aKatalog nakładów rzeczowych nr 2-01 /
_cMinisterstwo Budownictwa, Gospodarki Przestrzennej i Komunalnej.
260 _aWarszawa,
_c1986.
710 _aMinisterstwo Budownictwa, Gospodarki Przestrzennej i Komunalnej
040 _cBPK
041 _apol
942 _cKA
008 s pl f |000 0 pol
999 _c10089
_d10089
856 _uhttp://koha.tu.koszalin.pl/cgi-bin/koha/opac-detail.pl?biblionumber=10089
_yKatalog online BPK